Normal view
MARC view
- الدولة العثمانية - التاريخ
Entry Topical Term
001 - CONTROL NUMBER
- control field: 60239
003 - CONTROL NUMBER IDENTIFIER
- control field: JO-AjAnu
005 - DATE AND TIME OF LATEST TRANSACTION
- control field: 20230606083840.0
008 - FIXED-LENGTH DATA ELEMENTS
- fixed length control field: 230606|| aca||aabn | a|a d
040 ## - CATALOGING SOURCE
- Original cataloging agency: JO-AjAnu
- Transcribing agency: JO-AjAnu
150 ## - HEADING--TOPICAL TERM
- Topical term or geographic name entry element: الدولة العثمانية - التاريخ
670 ## - SOURCE DATA FOUND
- Source citation: Work cat.: (JO-AjAnu)30720: تأليف: نجم،زين العابدين شمس الدين, author 60238, تاريخ الدولة العثمانية